000 01235nam a2200349 c 4500
999 _c96636
_d96636
003 BLK
005 20230929161509.0
008 180409b bul|||||r ||||||| ||bul||
010 _aKNG00101536000
040 _aBLK
041 _aBUL
_cBUL
_hGRE
080 _aНовогръцки език
_b811.146
_x-4
_z811.146-4
080 _aНовогръцки език
_b811.146
_x-55
_z811.146-55
100 1 _aАнгелиева, Фани Тодорова
_eпърви автор
_9366053
139 _aАнгелиева, Фани Тодорова
_bА 64
245 1 0 _aНовогръцка граматика
_bФонетика и морфология
_cФани Тодорова Ангелиева.
257 _aBGR
260 _bЕмас
_c2001
_fСофия : Балкан прес
300 _a216 с.
_c20 см
380 _a80
650 4 _aГръцки език - учебни помагала
_9250811
653 _aгръцки език
653 _aучебни помагала
653 _aграматика
852 _aЦб 211628
856 4 _qpdf
856 4 _qpdf
942 _cKNG
_n0
_s1
_02
944 _aCR
_c01.01.2001
_k30556
_lТеодора Пейчева-Дянкова
944 _aED
_c06.10.2003
999 _d96636